000 00467nam a2200169 i 4500
001 52559
003 ES-MaACL
005 20230906162613.0
007 t|
008 030901s1917 xxk ||||1| eng d
100 1 _aDavis, F. Hadland.
_942962
245 1 0 _aMyths & legends of Japan /
_cF. Hadland Davis.
260 _aLondon :
_bGeorge G. Harrap & Comp.,
_c1917.
300 _a431 p. ;
_c21 cm.
650 4 _aLeyendas-
_zJapón.
_9161269
852 _aES-MaACL
_jC-1495
999 _c52559
_d52559